000 00569nam a2200229Ia 4500
005 20250425162130.0
008 250425s9999 xx 000 0 und d
020 _a9681846370
041 _aspa
082 _a540
100 _aHOLUM, JOHN R.
245 0 _aFUNDAMENTOS DE QUIMICA GENERAL, ORGANICA Y BIOQUIMICA: PARA CIENCIAS DE LA SALUD
250 _a1A ED.
260 _aMEXICO
260 _aMéxico
_bLIMUSA WILEY
_c2000
300 _a865
650 _aBIOQUIMICA
650 _aQUIMICA
650 _aQUIMICA ORGANICA
942 _c01
010 _a51920
999 _c222964
_d222964